• 首页
  • 本馆介绍
  • 公告通知
  • 最新文献
  • 馆藏检索
  • 电子资源
  • 读者导购
  • 参考咨询
  • 我的图书馆
  • 登录
  • 详细信息显示
  • 放入我的书架
  • 预约/预借图书
  • 作者相关作品
  • 分类相关作品
  • 丛书相关作品
  • 出版社相关作品

书目信息

  • 表格格式
  • 工作单格式
  • 卡片格式
题名:
煤化学
    
 
作者: 朱银惠 , 王中慧 主编
分册:  
出版信息: 北京   化学工业出版社  2013.03
页数: 277页
开本: 26cm
丛书名:
单 册:
中图分类: TQ530
科图分类:
主题词: 煤--应用化学--高等教育--教材 , 煤 , 应用化学
电子资源:
ISBN: 978-7-122-16107-9
000 01096nam0 2200289 450
001 012013030709
005 20130627093722.00
010    @a978-7-122-16107-9@dCNY36.00
100    @a20130313d2013 em y0chiy50 ea
101 0  @achi
102    @aCN@b110000
105    @aak z 000yy
106    @ar
200 1  @a煤化学@9mei hua xue@f朱银惠,王中慧主编
210    @a北京@c化学工业出版社@d2013.03
215    @a277页@c图@d26cm
300    @a普通高等教育规划教材
330    @a本书系统地叙述了煤的特征和生成、岩相组成与应用、一般性质、工艺性质、分类和评价、化学结构、化学方法的研究及综合利用等,并附有实验部分。
333    @a本书为高等院校应用型本科化学工程与工艺(煤化工方向)矿物加工工程、资源勘查工程、应用化学等专业的教学用书,也可作为从事能源、煤燃烧、炭素材料、煤基化学品等有关管理、研究、设计、技术开发和生产技术人员的参考书
606 0  @a煤@x应用化学@x高等教育@j教材
606 0  @a煤
606 0  @a应用化学
690    @aTQ530@v5
701  0 @a朱银惠@9zhu yin hui@4主编
701  0 @a王中慧@9wang zhong hui@4主编
801  0 @aCN@b人天书店@c20130313
905    @b546200-03@dTQ530@e45@f4
    
    煤化学/朱银惠,王中慧主编.-北京:化学工业出版社,2013.03
    277页:图;26cm
    普通高等教育规划教材.-使用对象:本书为高等院校应用型本科化学工程与工艺(煤化工方向)矿物加工工程、资源勘查工程、应用化学等专业的教学用书,也可作为从事能源、煤燃烧、炭素材料、煤基化学品等有关管理、研究、设计、技术开发和生产技术人员的参考书
    
    ISBN 978-7-122-16107-9:CNY36.00
    本书系统地叙述了煤的特征和生成、岩相组成与应用、一般性质、工艺性质、分类和评价、化学结构、化学方法的研究及综合利用等,并附有实验部分。
●
相关链接 在E读中查询图书 在五车中查询图书 在当当中查询图书 在豆瓣中查询图书


正题名:煤化学     索取号:TQ530/45         预约/预借

序号 登录号 条形码 馆藏地/架位号 状态 备注
1 546200   205462006   第二样本阅览室/ [索取号:TQ530/45] 在馆    
2 546201   205462015   第三借阅区/ [索取号:TQ530/45] 在馆    
3 546202   205462024   第三借阅区/ [索取号:TQ530/45] 在馆    
4 546203   205462033   密集书库-化学系/ [索取号:TQ530/45] 在馆    
唐山师范学院图书馆 欢迎您!
大连网信软件有限公司© 版权所有